[Event "Irish Championship 2019"]
[Site "Dublin IRL"]
[Date "2019.08.11"]
[Round "9.1"]
[White "Murphy, Conor E."]
[Black "O'Donnell, Conor"]
[Result "1-0"]
[WhiteTitle "FM"]
[BlackTitle "FM"]
[WhiteElo "2315"]
[BlackElo "2311"]
[WhiteICU "2354"]
[BlackICU "2298"]
[WhiteClub "Charlton ENG"]
[BlackClub "Gonzaga"]
[WhiteNationality "IRL"]
[BlackNationality "IRL"]
[WhiteFideId "421669"]
[BlackFideId "2504243"]
[PlyCount "111"]
[Venue "Talbot Hotel, Stillorgan"]
[EventDate "2019.08.03"]

{ Event information: <a
href="http://www.irlchess.com/pairings_irlch2019.html">Tournament
report</a>. }

1. e4 c5 2. Nf3 d6 3. Bb5+ Nd7 4. Ba4 Nf6 5. O-O e5 6. d3 Be7 7. a3 O-O 8.
c4 Ne8 9. b4 b6 10. Nc3 f5 11. Bc6 Rb8 12. exf5 Rxf5 13. Bd5+ Kh8 14. Be6
Rf8 15. Ne4 Nc7 16. Nfg5 Qe8 17. Bg4 Nf6 18. Nxf6 gxf6 19. Bh5 Qd7 20. Nf7+
Kg8 21. Bg4 Qe8 22. Nh6+ Kh8 23. Bxc8 (23. f4 $16) 23... Rxc8 24. Nf5 Rg8
25. Qf3 Ne6 26. b5 Nd4 27. Nxd4 cxd4 28. a4 Qd7 29. Ba3 Rg6 30. Bb4 Rcg8
31. g3 f5 32. a5 f4 33. axb6 axb6 34. Ra8 Bd8 35. Rfa1 fxg3 36. hxg3 Qh3
37. Qg2 Qf5 38. R1a3 h5 39. Be1 h4 40. Qe4 Qh5 41. Ra2 Rg4 42. Qg2 Qf5 43.
Qf1 Rf8 44. f3 Rgg8 45. Rg2 Qh3 46. Qe2 hxg3 47. Qe4 Rf7 48. Bxg3 Rh7 $2 (
48... Rfg7 $1 $19) 49. Bxe5+ $18 dxe5 50. Rxg8+ Kxg8 51. Rxd8+ Kg7 52.
Qxe5+ Kf7 53. Qd5+ Kg7 54. Rd7+ Kh6 55. Rd6+ Kg7 56. Qb7+ 1-0

[Event "Irish Championship 2019"]
[Site "Dublin IRL"]
[Date "2019.08.11"]
[Round "9.2"]
[White "Brady, Stephen"]
[Black "Lopez, Alex"]
[Result "1/2-1/2"]
[WhiteTitle "FM"]
[BlackTitle "IM"]
[WhiteElo "2282"]
[BlackElo "2431"]
[WhiteICU "2261"]
[BlackICU "2444"]
[WhiteClub "St. Benildus"]
[BlackClub "Cork"]
[WhiteNationality "IRL"]
[BlackNationality "IRL"]
[WhiteFideId "2500124"]
[BlackFideId "2501430"]
[PlyCount "88"]
[Venue "Talbot Hotel, Stillorgan"]
[EventDate "2019.08.03"]

{ Event information: <a
href="http://www.irlchess.com/pairings_irlch2019.html">Tournament
report</a>. }

1. e4 c6 2. d4 d5 3. Nd2 dxe4 4. Nxe4 Bf5 5. Ng3 Bg6 6. Nf3 e6 7. Bc4 Bd6
8. O-O Nd7 9. Re1 Qc7 10. Qe2 O-O-O 11. a4 Ngf6 12. a5 Rhe8 13. Ne5 Nd5 14.
Bd2 Nxe5 15. dxe5 Bb4 16. a6 b6 17. Bxb4 Nxb4 18. Bb3 Kb8 19. h4 h6 20.
Rad1 Qe7 21. h5 Bh7 22. Ne4 Bxe4 23. Qxe4 Nxa6 24. Qxc6 Nc5 25. Bc4 Qb7 26.
Qxb7+ Kxb7 27. b4 Na6 28. Bxa6+ Kxa6 29. Ra1+ Kb7 30. Red1 Rd5 31. c4 Rxd1+
32. Rxd1 Re7 33. b5 a5 34. bxa6+ Kxa6 35. Kf1 f6 36. Rd6 Ka5 37. exf6 gxf6
38. Ke2 Kb4 39. Rxb6+ Kxc4 40. Kf3 Kd5 41. Rb5+ Kd6 42. Rb6+ Ke5 43. Rb5+
Kd6 44. Rb6+ Ke5 1/2-1/2

[Event "Irish Championship 2019"]
[Site "Dublin IRL"]
[Date "2019.08.11"]
[Round "9.3"]
[White "Li, Henry"]
[Black "Collins, Sam"]
[Result "0-1"]
[WhiteTitle "FM"]
[BlackTitle "IM"]
[WhiteElo "2287"]
[BlackElo "2448"]
[WhiteICU "2248"]
[BlackICU "2422"]
[WhiteClub "Gonzaga"]
[BlackClub "Gonzaga"]
[WhiteNationality "IRL"]
[BlackNationality "IRL"]
[WhiteFideId "2508524"]
[BlackFideId "2501198"]
[PlyCount "58"]
[Venue "Talbot Hotel, Stillorgan"]
[EventDate "2019.08.03"]

{ Event information: <a
href="http://www.irlchess.com/pairings_irlch2019.html">Tournament
report</a>. }

1. e4 e6 2. d4 d5 3. Nc3 Bb4 4. e5 c5 5. a3 Bxc3+ 6. bxc3 Ne7 7. Qg4 cxd4
8. Bd3 Qa5 9. Ne2 O-O 10. Bd2 dxc3 11. Bxc3 Qc7 12. O-O Nbc6 13. f4 d4 14.
Qh4 Nf5 15. Bxf5 exf5 16. Nxd4 Nxe5 17. fxe5 Qxc3 18. Rae1 Qxa3 19. Rf3 Qa5
20. Ree3 Qd8 21. Qf4 a5 22. Nb5 Qd1+ 23. Rf1 Qxc2 24. Rg3 Qc5+ 25. Kh1 h6
26. Nd6 Kh7 27. Nxf5 Bxf5 28. Qxf5+ Kh8 29. h4 Rae8 0-1

[Event "Irish Championship 2019"]
[Site "Dublin IRL"]
[Date "2019.08.11"]
[Round "9.4"]
[White "Quinn, Mark"]
[Black "Ryan, Joe"]
[Result "1/2-1/2"]
[WhiteTitle "IM"]
[BlackTitle "FM"]
[WhiteElo "2383"]
[BlackElo "2268"]
[WhiteICU "2318"]
[BlackICU "2281"]
[WhiteClub "Kilkenny"]
[WhiteNationality "IRL"]
[BlackNationality "IRL"]
[WhiteFideId "2500450"]
[BlackFideId "2500426"]
[PlyCount "67"]
[Venue "Talbot Hotel, Stillorgan"]
[EventDate "2019.08.03"]

{ Event information: <a
href="http://www.irlchess.com/pairings_irlch2019.html">Tournament
report</a>. }

1. g3 d5 2. Bg2 e5 3. Nf3 Nc6 4. d3 Nf6 5. O-O Be6 6. c3 a5 7. d4 Bd6 8.
Ng5 Bf5 9. f3 h6 10. e4 Bg6 11. exd5 Nxd5 12. Ne4 exd4 13. cxd4 O-O 14.
Nbc3 Be7 15. f4 Bxe4 16. Bxe4 Nf6 17. Bg2 Qxd4+ 18. Qxd4 Nxd4 19. Bxb7 Rab8
20. Ba6 Nc2 21. Rb1 Bc5+ 22. Kh1 Rfd8 23. b3 Ng4 24. Be2 Nf2+ 25. Kg2 Nd3
26. Ne4 Bb6 27. Bxd3 Rxd3 28. Rb2 Ne3+ 29. Bxe3 Rxe3 30. Nf2 Rbe8 31. Rd1
Re2 32. Rdd2 Re1 33. Nd3 Rg1+ 34. Kh3 1/2-1/2

[Event "Irish Championship 2019"]
[Site "Dublin IRL"]
[Date "2019.08.11"]
[Round "9.5"]
[White "Baburin, Alexander"]
[Black "Fitzsimons, David"]
[Result "1/2-1/2"]
[WhiteTitle "GM"]
[BlackTitle "IM"]
[WhiteElo "2432"]
[BlackElo "2317"]
[WhiteICU "2396"]
[BlackICU "2348"]
[WhiteClub "Kilkenny"]
[BlackClub "Elm Mount"]
[WhiteNationality "IRL"]
[BlackNationality "IRL"]
[WhiteFideId "2500914"]
[BlackFideId "2501961"]
[PlyCount "27"]
[Venue "Talbot Hotel, Stillorgan"]
[EventDate "2019.08.03"]

{ Event information: <a
href="http://www.irlchess.com/pairings_irlch2019.html">Tournament
report</a>. }

1. d4 Nf6 2. Nf3 g6 3. g3 Bg7 4. Bg2 O-O 5. O-O d6 6. c4 c6 7. Nc3 Bf5 8.
b3 Ne4 9. Bb2 Nxc3 10. Bxc3 Be4 11. e3 Nd7 12. Bh3 c5 13. Rc1 e6 14. Bg2
1/2-1/2

[Event "Irish Championship 2019"]
[Site "Dublin IRL"]
[Date "2019.08.11"]
[Round "9.6"]
[White "Moran, Stephen"]
[Black "Daly, Colm"]
[Result "0-1"]
[BlackTitle "FM"]
[WhiteElo "2186"]
[BlackElo "2213"]
[WhiteICU "2151"]
[BlackICU "2194"]
[WhiteClub "T.C.D."]
[BlackClub "Bray/Greystones"]
[WhiteNationality "IRL"]
[BlackNationality "IRL"]
[WhiteFideId "2501872"]
[BlackFideId "2500434"]
[PlyCount "116"]
[Venue "Talbot Hotel, Stillorgan"]
[EventDate "2019.08.03"]

{ Event information: <a
href="http://www.irlchess.com/pairings_irlch2019.html">Tournament
report</a>. }

1. d4 e6 2. c4 Bb4+ 3. Nc3 Nf6 4. e3 O-O 5. Ne2 Re8 6. a3 Bf8 7. Nf4 d6 8.
Be2 Nbd7 9. O-O c6 10. d5 exd5 11. cxd5 c5 12. f3 a6 13. a4 g6 14. e4 Rb8
15. Be3 Bg7 16. Qd2 Ne5 17. Na2 h6 18. Rfc1 b5 19. axb5 axb5 20. b4 c4 21.
Nc3 g5 22. Nh3 Bxh3 23. gxh3 Ng6 24. Bf1 Nh5 25. Ra5 Qd7 26. Ra7 Qc8 27.
Ne2 Be5 28. Nd4 Nh4 29. Rc3 Nf4 30. Rca3 Rb7 31. Rxb7 Qxb7 32. Bf2 Nfg6 33.
Kh1 Ra8 34. Qa2 Rxa3 35. Qxa3 Qb6 36. Qa8+ Kh7 37. Qa5 Bxd4 38. Qxb6 Bxb6
39. Bxb6 Nxf3 40. Be3 Nge5 41. Be2 Kg6 42. Kg2 Ne1+ 43. Kf1 N1d3 44. Bd2 f5
45. exf5+ Kxf5 46. Bh5 Nf4 47. Be8 Nxd5 48. Bxb5 c3 49. Bc1 Nxb4 50. Ke2 d5
51. Ba3 Nc2 52. Bc5 Ke4 53. Ba4 Nd4+ 54. Kd1 Nc4 55. Bc2+ Nxc2 56. Kxc2 d4
57. Bf8 Ne3+ 58. Kb3 h5 0-1

[Event "Irish Championship 2019"]
[Site "Dublin IRL"]
[Date "2019.08.11"]
[Round "9.7"]
[White "Carroll, Peter"]
[Black "O'Gorman, Tom"]
[Result "0-1"]
[BlackTitle "FM"]
[WhiteElo "2062"]
[BlackElo "2229"]
[WhiteICU "2035"]
[BlackICU "2208"]
[WhiteClub "Gonzaga"]
[BlackClub "Dun Laoghaire"]
[WhiteNationality "IRL"]
[BlackNationality "IRL"]
[WhiteFideId "2510243"]
[BlackFideId "2508249"]
[PlyCount "54"]
[Venue "Talbot Hotel, Stillorgan"]
[EventDate "2019.08.03"]

{ Event information: <a
href="http://www.irlchess.com/pairings_irlch2019.html">Tournament
report</a>. }

1. e4 c5 2. Nf3 d6 3. d4 cxd4 4. Nxd4 Nf6 5. Nc3 a6 6. Be3 e6 7. g4 e5 8.
Nf5 g6 9. Bg2 gxf5 10. exf5 h6 11. Qe2 Nc6 12. O-O-O Bd7 13. f4 Qa5 14. g5
hxg5 15. fxg5 Bxf5 16. gxf6 Nb4 17. Bd5 Nxc2 18. Bg5 Nb4 19. Qf3 Bd7 20.
Bxb7 Rb8 21. h4 Nxa2+ 22. Nxa2 Qxa2 23. Qd5 Qa1+ 24. Kc2 Qa4+ 25. Kc1 Qb4
26. Qxf7+ Kxf7 27. Bd5+ Be6 0-1

[Event "Irish Championship 2019"]
[Site "Dublin IRL"]
[Date "2019.08.11"]
[Round "9.8"]
[White "Kanyamarala, Tarun"]
[Black "Kanyamarala, Trisha"]
[Result "0-1"]
[WhiteElo "2142"]
[BlackElo "2238"]
[WhiteICU "2110"]
[BlackICU "1990"]
[WhiteNationality "IRL"]
[BlackNationality "IRL"]
[WhiteFideId "45004714"]
[BlackFideId "45004722"]
[PlyCount "42"]
[Venue "Talbot Hotel, Stillorgan"]
[EventDate "2019.08.03"]

{ Event information: <a
href="http://www.irlchess.com/pairings_irlch2019.html">Tournament
report</a>. }

1. e3 d5 2. f4 c5 3. Nf3 Nc6 4. d4 g6 5. Bd3 Bg7 6. c3 Nf6 7. O-O O-O 8.
Nbd2 a6 9. Qe2 Nd7 10. Ne5 Qb6 11. Ndf3 f6 12. Nxg6 hxg6 13. Bxg6 Rd8 14.
Ng5 fxg5 15. f5 Nf6 16. h4 gxh4 17. Rf4 Bd7 18. Rxh4 Be8 19. g4 Bxg6 20.
fxg6 Qc7 21. Kg2 Ne4 0-1

[Event "Irish Championship 2019"]
[Site "Dublin IRL"]
[Date "2019.08.11"]
[Round "9.9"]
[White "Haque, Muhtarim-Ul"]
[Black "O'Connor, Jonathan"]
[Result "1-0"]
[WhiteElo "2036"]
[BlackElo "2165"]
[WhiteICU "2031"]
[BlackICU "2099"]
[WhiteClub "Rathmines"]
[BlackClub "Dublin"]
[WhiteNationality "IRL"]
[BlackNationality "IRL"]
[WhiteFideId "2509415"]
[BlackFideId "2501112"]
[PlyCount "111"]
[Venue "Talbot Hotel, Stillorgan"]
[EventDate "2019.08.03"]

{ Event information: <a
href="http://www.irlchess.com/pairings_irlch2019.html">Tournament
report</a>. }

1. d4 Nf6 2. Nf3 d5 3. c4 e6 4. Nc3 dxc4 5. e3 a6 6. a4 b6 7. Bxc4 Bb7 8.
O-O Bb4 9. Qe2 c5 10. Ne5 O-O 11. Rd1 Qc8 12. Bd3 Nc6 13. Ng4 Nxg4 14. Qxg4
f5 15. Qf4 Rf6 16. Be2 cxd4 17. exd4 Ne7 18. Bf3 Bxc3 19. Bxb7 Qxb7 20.
bxc3 Rc8 21. Rd3 Nd5 22. Qf3 Rc4 23. Bd2 a5 24. Qh5 Rg6 25. Rg3 Nf6 26. Qe2
Qc6 27. Rxg6 hxg6 28. f3 Nd5 29. Re1 Kf7 30. h4 Rxa4 31. g4 Rc4 32. h5 gxh5
33. gxh5 Nf6 34. h6 gxh6 35. Qe3 Qd6 36. Re2 Rc8 37. Qxh6 Rg8+ 38. Bg5 Qg3+
$2 (38... Rg6 $19) 39. Rg2 $14 Qe1+ $2 (39... Rxg5 40. Qxg5 Qxg5 41. Rxg5
$14) 40. Kh2 $18 Rg6 41. Qxg6+ $1 Kxg6 42. Bd2+ Ng4+ 43. Rxg4+ fxg4 44.
Bxe1 Kf5 45. Kg3 gxf3 46. Kxf3 e5 47. Ke3 b5 48. Bg3 a4 49. Kd3 e4+ 50. Kc2
Ke6 51. Bf4 Kd5 52. Bc1 b4 53. cxb4 Kxd4 54. Kb2 Kc4 55. Ka3 Kb5 56. Be3
1-0

[Event "Irish Championship 2019"]
[Site "Dublin IRL"]
[Date "2019.08.11"]
[Round "9.10"]
[White "Melaugh, Gavin"]
[Black "Murray, David"]
[Result "1/2-1/2"]
[WhiteElo "2025"]
[BlackElo "2126"]
[WhiteICU "2102"]
[BlackICU "2121"]
[WhiteClub "T.C.D."]
[BlackClub "Gonzaga"]
[WhiteNationality "IRL"]
[BlackNationality "IRL"]
[WhiteFideId "2509571"]
[BlackFideId "2501511"]
[PlyCount "157"]
[Venue "Talbot Hotel, Stillorgan"]
[EventDate "2019.08.03"]

{ Event information: <a
href="http://www.irlchess.com/pairings_irlch2019.html">Tournament
report</a>. }

1. e4 e6 2. d4 d5 3. Nd2 Nf6 4. e5 Nfd7 5. Bd3 c5 6. c3 b6 7. Ne2 Ba6 8.
Nf3 Bxd3 9. Qxd3 Nc6 10. O-O Be7 11. Ne1 O-O 12. Qh3 c4 13. Nf4 Rc8 14.
Nxe6 fxe6 15. Qxe6+ Rf7 16. Qxd5 Nf8 17. Qe4 Ne6 18. f4 Nexd4 19. cxd4
Qxd4+ 20. Qxd4 Nxd4 21. Be3 Bc5 22. Kh1 Re8 23. Rf2 g6 24. Rd1 Ne6 25. Bxc5
Nxc5 26. Rf3 g5 27. g3 Ref8 28. Rd4 b5 29. Rd5 Ne6 30. Rd6 Nc5 31. Rd5 Ne6
32. Rd6 Nc5 33. e6 Rf6 34. fxg5 Rxe6 35. Rxe6 Nxe6 36. Rxf8+ Kxf8 37. h4
Nc5 38. Kg2 a5 39. Kf3 Na4 40. b3 cxb3 41. axb3 Nc5 42. b4 axb4 43. Ke3 b3
44. Nd3 Ke7 45. g4 Kf7 46. Kd2 Ne4+ 47. Ke3 Nc5 48. Ne5+ Ke6 49. Nf3 b2 50.
Nd2 b4 51. Nb1 Kd5 52. Kd2 Ke5 53. h5 Ne4+ 54. Kc2 Nxg5 55. Kxb2 Kf4 56.
Kb3 h6 57. Kxb4 Kxg4 58. Kc4 Kxh5 59. Kd3 Kg4 60. Ke2 Kg3 61. Nd2 Kg2 62.
Nf1 h5 63. Ne3+ Kg1 64. Nf5 Kg2 65. Ne3+ Kg3 66. Nf1+ Kf4 67. Kf2 h4 68.
Kg2 h3+ 69. Kh2 Kf3 70. Ng3 Kg4 71. Nf1 Kh4 72. Nd2 Kg4 73. Nf1 Nf3+ 74.
Kh1 Kf4 75. Ng3 Ke3 76. Nf5+ Kf2 77. Nd4 Nxd4 78. Kh2 Nb5 79. Kxh3 1/2-1/2

[Event "Irish Championship 2019"]
[Site "Dublin IRL"]
[Date "2019.08.11"]
[Round "9.11"]
[White "Byrne, Alex"]
[Black "Kennedy, John P. A."]
[Result "1-0"]
[WhiteElo "1963"]
[BlackElo "2050"]
[WhiteICU "1905"]
[BlackICU "1981"]
[WhiteClub "St. Benildus"]
[BlackClub "Dublin"]
[WhiteNationality "IRL"]
[BlackNationality "IRL"]
[WhiteFideId "2508788"]
[BlackFideId "2501120"]
[PlyCount "81"]
[Venue "Talbot Hotel, Stillorgan"]
[EventDate "2019.08.03"]

{ Event information: <a
href="http://www.irlchess.com/pairings_irlch2019.html">Tournament
report</a>. }

1. e4 c5 2. a3 g6 3. b4 Bg7 4. Nc3 d6 5. Nge2 Nc6 6. Rb1 e6 7. g3 Nge7 8.
Bg2 O-O 9. O-O Nd4 10. f4 Rb8 11. bxc5 dxc5 12. e5 Nef5 13. Ne4 b5 14. c3
Nxe2+ 15. Qxe2 c4 16. a4 Qb6+ 17. Kh1 a6 18. Ba3 Rd8 19. axb5 Rd3 20. Nd6
Nxd6 21. Bxd6 axb5 22. Bxb8 Qxb8 23. Rf3 Rxf3 24. Qxf3 Ba6 25. Qc6 Qd8 26.
Qxa6 Qxd2 27. Qxb5 Qxc3 28. Qb2 Qe3 29. Qc1 Qd3 30. Qd1 Qe3 31. Rc1 h5 32.
Rxc4 Bf8 33. Qc1 Qe2 34. h4 Kg7 35. Qc2 Qe3 36. Qc3 Qf2 37. Rc7 Qb6 38. Qc6
Qb3 39. Qd7 Qb1+ 40. Kh2 Qf5 41. Bh3 1-0

[Event "Irish Championship 2019"]
[Site "Dublin IRL"]
[Date "2019.08.11"]
[Round "9.12"]
[White "Wallace, Paul"]
[Black "Lyons, Brendan"]
[Result "1-0"]
[WhiteElo "2171"]
[BlackElo "1967"]
[WhiteICU "2159"]
[BlackICU "1898"]
[WhiteClub "Kilkenny"]
[BlackClub "St. Benildus"]
[WhiteNationality "IRL"]
[BlackNationality "IRL"]
[WhiteFideId "2500892"]
[BlackFideId "2500698"]
[PlyCount "29"]
[Venue "Talbot Hotel, Stillorgan"]
[EventDate "2019.08.03"]

{ Event information: <a
href="http://www.irlchess.com/pairings_irlch2019.html">Tournament
report</a>. }

1. e4 d5 2. exd5 Nf6 3. d4 Bg4 4. Be2 Bxe2 5. Qxe2 Qxd5 6. Nf3 e6 7. Bf4
Bd6 8. Nc3 Qa5 9. Bd2 Qf5 10. O-O-O Nc6 11. Rhe1 O-O-O 12. Kb1 Rhe8 13. Qc4
a6 14. a3 b5 $4 15. Qxc6 1-0

[Event "Irish Championship 2019"]
[Site "Dublin IRL"]
[Date "2019.08.11"]
[Round "9.14"]
[White "O'Connell, Gerard"]
[Black "Fox, Anthony"]
[Result "1/2-1/2"]
[WhiteElo "2106"]
[BlackElo "2020"]
[WhiteICU "2052"]
[BlackICU "1982"]
[WhiteClub "St. Benildus"]
[BlackClub "Dun Laoghaire"]
[WhiteNationality "IRL"]
[BlackNationality "IRL"]
[WhiteFideId "2500493"]
[BlackFideId "2500736"]
[PlyCount "73"]
[Venue "Talbot Hotel, Stillorgan"]
[EventDate "2019.08.03"]

{ Event information: <a
href="http://www.irlchess.com/pairings_irlch2019.html">Tournament
report</a>. }

1. d4 d5 2. c4 e6 3. Nc3 Nf6 4. Bg5 Be7 5. cxd5 exd5 6. e3 c6 7. Bd3 Nbd7
8. Nf3 O-O 9. O-O Re8 10. Qc2 Nf8 11. Ne5 N6d7 12. Bxe7 Qxe7 13. Nxd7 Bxd7
14. b4 a6 15. Na4 Rad8 16. Nc5 Bc8 17. a4 Rd6 18. b5 axb5 19. axb5 Rh6 20.
g3 Ne6 21. bxc6 bxc6 22. Nxe6 Qxe6 23. Rfe1 Bd7 24. Ra7 g5 25. Qb2 Qh3 26.
f3 Rf6 27. Bf1 Qe6 28. Bg2 g4 29. f4 Qd6 30. Qb7 Bf5 31. Kf2 Kg7 32. Rc1
Rb8 33. Qe7 Rb2+ 34. Kg1 Qxe7 35. Rxe7 Rd6 36. Rc7 Rb6 37. Bf1 1/2-1/2

[Event "Irish Championship 2019"]
[Site "Dublin IRL"]
[Date "2019.08.11"]
[Round "9.16"]
[White "Haque, Mustakim-Ul"]
[Black "Mirza, Diana"]
[Result "0-1"]
[BlackTitle "WFM"]
[WhiteElo "1947"]
[BlackElo "1973"]
[WhiteICU "1918"]
[BlackICU "1986"]
[WhiteClub "Rathmines"]
[BlackClub "St. Michaels"]
[WhiteNationality "IRL"]
[BlackNationality "IRL"]
[WhiteFideId "2509334"]
[BlackFideId "2503999"]
[PlyCount "132"]
[Venue "Talbot Hotel, Stillorgan"]
[EventDate "2019.08.03"]

{ Event information: <a
href="http://www.irlchess.com/pairings_irlch2019.html">Tournament
report</a>. }

1. Nf3 c5 2. c4 Nc6 3. Nc3 g6 4. g3 Bg7 5. Bg2 e5 6. d3 d6 7. O-O Nge7 8.
Bg5 h6 9. Bd2 O-O 10. a3 Be6 11. Qc1 Kh7 12. Rb1 a5 13. Ne1 Rb8 14. Nb5 Nd4
15. Nxd4 cxd4 16. b4 axb4 17. axb4 b5 18. cxb5 Rxb5 19. Nc2 d5 20. Na3 Rb8
21. b5 f5 22. Bb4 Rf7 23. Qd2 Nc8 24. Ba5 Qd6 25. Bb4 Qd7 26. Rfc1 Nb6 27.
Rc6 Qe8 28. Bd6 Rbb7 29. Rbc1 Nc8 30. Qb4 Na7 31. R6c5 e4 32. b6 Nc8 33.
Bc7 Bf8 34. Qxd4 Nxb6 35. Bxb6 Rxb6 36. Ra5 Rb3 37. Nc2 Bg7 38. Qe3 g5 39.
Na1 Rb2 40. Rc2 Rb1+ 41. Rc1 Rbb7 42. dxe4 dxe4 43. Ra6 Bd5 44. Rd6 Qe5 45.
Rb6 f4 46. Bxe4+ Qxe4 47. Qxe4+ Bxe4 48. Rxb7 Rxb7 49. gxf4 gxf4 50. f3 Bf5
51. Kg2 Rb2 52. Kf1 Rb1 53. Rxb1 Bxb1 54. Nb3 Kg6 55. Kf2 Bc2 56. Na5 Bd4+
57. Kf1 Ba4 58. Nc4 Kg5 59. Nd6 Bb3 60. Kg2 Bd1 61. h4+ Kg6 62. Kf1 Bf6 63.
Ke1 Bb3 64. h5+ Kxh5 65. Kd2 Be5 66. Nb7 Bd5 0-1

[Event "Irish Championship 2019"]
[Site "Dublin IRL"]
[Date "2019.08.11"]
[Round "9.17"]
[White "Butler, Kevin C."]
[Black "Moran, Darragh"]
[Result "1/2-1/2"]
[WhiteElo "2048"]
[BlackElo "1847"]
[WhiteICU "1966"]
[BlackICU "1828"]
[WhiteClub "Phibsboro"]
[BlackClub "Gonzaga"]
[WhiteNationality "IRL"]
[BlackNationality "IRL"]
[WhiteFideId "2501538"]
[BlackFideId "2510294"]
[PlyCount "113"]
[Venue "Talbot Hotel, Stillorgan"]
[EventDate "2019.08.03"]

{ Event information: <a
href="http://www.irlchess.com/pairings_irlch2019.html">Tournament
report</a>. }

1. e4 e5 2. Nf3 Nf6 3. Nc3 Nc6 4. Bb5 d6 5. d3 h6 6. Be3 Bd7 7. Qd2 Ng4 8.
O-O Be7 9. Nd5 O-O 10. Nxe7+ Nxe7 11. Bxd7 Qxd7 12. h3 Nxe3 13. fxe3 f5 14.
exf5 Rxf5 15. Nh4 Rxf1+ 16. Rxf1 Rf8 17. Rxf8+ Kxf8 18. Qf2+ Kg8 19. e4 b6
20. c3 Qe6 21. b3 Qf7 22. Kf1 Qxf2+ 23. Kxf2 Kf7 24. g3 Ke6 25. Ke3 a6 26.
Nf3 Nc6 27. d4 exd4+ 28. cxd4 d5 29. e5 Nb4 30. a4 c5 31. a5 b5 32. dxc5
Nc2+ 33. Kd2 Nb4 34. Kc3 Na2+ 35. Kd2 Nb4 36. Nd4+ Kxe5 37. c6 Kd6 38. Nf5+
Kxc6 39. Nxg7 Kd6 40. Nf5+ Ke5 41. Nxh6 Nc6 42. Ng4+ Ke4 43. Nf6+ Ke5 44.
Ng4+ Ke4 45. Nf6+ Ke5 46. Nh5 Nxa5 47. Kc2 Ke4 48. Nf4 Nc6 49. h4 Nd4+ 50.
Kb2 Nf5 51. h5 d4 52. g4 Kxf4 53. gxf5 Kxf5 54. Kc2 a5 55. Kd3 a4 56. bxa4
bxa4 57. Kxd4 1/2-1/2

[Event "Irish Championship 2019"]
[Site "Dublin IRL"]
[Date "2019.08.11"]
[Round "9.18"]
[White "McCarthy, Tim"]
[Black "O'Gorman, Alice"]
[Result "1/2-1/2"]
[WhiteElo "2018"]
[BlackElo "1966"]
[WhiteICU "1964"]
[BlackICU "1869"]
[WhiteClub "St. Benildus"]
[BlackClub "T.C.D."]
[WhiteNationality "IRL"]
[BlackNationality "IRL"]
[WhiteFideId "2500710"]
[BlackFideId "2508214"]
[PlyCount "59"]
[Venue "Talbot Hotel, Stillorgan"]
[EventDate "2019.08.03"]

{ Event information: <a
href="http://www.irlchess.com/pairings_irlch2019.html">Tournament
report</a>. }

1. d4 d5 2. c4 e6 3. Nc3 Nf6 4. Bg5 Be7 5. e3 h6 6. Bh4 O-O 7. Nf3 Nbd7 8.
Rc1 c6 9. Bd3 dxc4 10. Bxc4 b6 11. O-O Bb7 12. Qe2 Nd5 13. Bg3 Nxc3 14.
Rxc3 Nf6 15. Ba6 Bxa6 16. Qxa6 c5 17. dxc5 Bxc5 18. Qa4 Qd7 19. Qxd7 Nxd7
20. Rd3 Nf6 21. Rfd1 Rac8 22. Ne5 Be7 23. Nd7 Rfd8 24. Nxf6+ Bxf6 25. Rxd8+
Rxd8 26. Rxd8+ Bxd8 27. Bd6 f6 28. Kf1 Kf7 29. Ke2 Be7 30. Bxe7 1/2-1/2